000 00438nam a2200193Ia 4500
005 20240823035415.0
008 240823s9999||||xx |||||||||||||| ||und||
020 _a81-86852-83-2
041 _aENGLISH
082 _A823.5 P2
100 _aSivasankari
245 4 _aThe Betrayal and other Stories
250 _a1st
260 _c2002
_bEast west
500 _aYES
650 _aStories
_bGeneral
942 _cBK
999 _c200612
_d200612